00774cam a22002171 4500001001300000003000400013005001700017008004100034010001700075035001900092040004400111042001200155050002200167100004800189245009500237260004300332300005800375410004500433504005700478650002100535gs 13000481 DLC20260227111314.0780828s1913 dcubf b f000 0 eng c ags 13000481  a(OCoLC)4171382 aU.S. Geol. Survey. Libr.cTxUdTxUdDLC apremarc00aQE75b.B9 no. 5351 aEakin, Henry M.q(Henry Miner),d1883-1936.12aA geologic reconnaissance of a part of the Rampart quadrangle, Alaska,cby Henry M. Eakin. aWashington,bGovt. Print. Off.,c1913. a38, viii p.bplates, fold. maps (2 in pocket)c24 cm.20aGeological Survey (U.S.).tBulletinv535 a"Recent survey of publications on Alaska": p.i-viii. 0aGeologyzAlaska.